[Event "Knockout open section A "]
[Site "SchemingMind.com"]
[Date "2015.10.15"]
[Round "-"]
[White "Helga1946"]
[Black "Ramesh Panwar"]
[Result "1/2-1/2"]
[WhiteCountry "GER"]
[BlackCountry "IND"]
[WhiteElo "2284"]
[WhiteRD "70"]
[BlackElo "2402"]
[BlackRD "59"]
[GameID "388648"]

1. e4 c5 2. Nf3 d6 3. d4 cxd4 4. Nxd4 Nf6 5. Nc3 a6 6. Be2 e5 7. Nb3 Be7 8. Qd3 O-O 9. O-O b6 10. Bg5 Nbd7
11. Nd5 h6 12. Bxf6 Nxf6 13. Nxf6+ Bxf6 14. Rfd1 Bb7 15. Qxd6 Qxd6 16. Rxd6 Bxe4 17. c3 Rfb8 18. Nd2 Bf5 19. Nc4 b5 20. Ne3 Be4
21. Bd3 Bxd3 22. Rxd3 e4 23. Rd2 Rd8 24. Rad1 Rxd2 25. Rxd2 Rd8 26. Nf1 Rd3 27. Rxd3 exd3 28. Ne3=
1/2-1/2